Littérature française: auteurs par dates - Statistiques

Statistiques générales
  • Ce quiz a été pris 87 fois
    38 depuis la dernière actualisation
  • Le résultat moyen est 3 sur 10
Statistiques - réponses
Hint Réponse % Correct
Molière 1622-1673
100%
Honoré de Balzac 1799-1850
100%
Victor Hugo 1802-1885
100%
George Sand 1804-1876
100%
Charles Baudelaire 1821-1867
100%
Jules Verne 1828-1905
100%
Antoine de Saint-Exupéry 1900-1944
100%
Olympe de Gouges 1748-1793
50%
Gustave Flaubert 1821-1880
50%
Simone de Beauvoir 1908-1986
50%
Joseph Bédier 1864-1938
25%
Jean Anouilh 1910-1987
25%
Louise Labé 1524-1566
0%
Etienne de La Boétie 1530-1563
0%
François de La Rochefoucauld 1613-1680
0%
Beaumarchais 1732-1799
0%
Stendhal 1783-1842
0%
Alexandre Dumas 1802-1870
0%
Aloysius Bertrand 1807-1841
0%
Guy de Maupassant 1850-1893
0%
Arthur Rimbaud 1854-1891
0%
Alfred Jarry 1873-1907
0%
Guillaume Apollinaire 1880-1918
0%
Paul Éluard 1895-1952
0%
Jacques Prévert 1900-1977
0%
Nathalie Sarraute 1900-1999
0%
Jean-Paul Sartre 1905-1980
0%
Eugène Ionesco 1909-1994
0%
Albert Camus 1913-1960
0%
Michel Butor 1926-2016
0%
Aucun quiz correspondant
Distribution des résultats
% des personnes avec chaque résultat
Percentile par nombre de réponses
Votre historique - résultats
Vous n’avez pas pris ce quiz depuis la dernière actualisation